Movies Quiz

Random Movies Quiz

MCU phase 3 films Quiz Stats

 Plays Quiz not verified by Sporcle

Challenge
Share
Tweet
Embed
Score 0/10 Timer 05:00
0 Plays Today
Hint Answer % Correct
2018Black Panther
96%
2018Avengers:Infinity War
95.1%
2017Spider-Man:Homecoming
93.8%
2017Thor: Ragnarok
93.6%
2017Guardians of the Galaxy vol.2
92.4%
2016Captain America: Civil War
92.2%
2016Doctor Strange
91.5%
2018Ant-Man and the Wasp
86.1%
2019Captain Marvel
85.5%
2019Untitled Avengers Film
52.3%

You're not logged in!

Compare scores with friends on all Sporcle quizzes.
Join for Free
OR
Log In

You Might Also Like...

Show Comments

Extras

Created Jan 2, 2016ReportNominate
Tags:phase

Top Quizzes Today


Score Distribution

Your Account Isn't Verified!

In order to create a playlist on Sporcle, you need to verify the email address you used during registration. Go to your Sporcle Settings to finish the process.

Report this User

Report this user for behavior that violates our Community Guidelines.

Details: